| 000 | 00920nam a22002417a 4500 | ||
|---|---|---|---|
| 001 | 81939 | ||
| 003 | BD-RjUL | ||
| 005 | 20240110110754.0 | ||
| 008 | 230918s2020 bg a|||| m||| 00| 0 eng d | ||
| 035 | _a(BD-RjUL)81939 | ||
| 040 |
_aBD-RjUL _beng _cBD-RjUL _dBD-RjUL |
||
| 041 | _aeng | ||
| 082 |
_223 _a617.522 _bKHT 2020 |
||
| 100 |
_aKhan, Mahabubur Rahman _99044 |
||
| 245 | 1 | 0 |
_aTechniques of primary and secondary repair of bilateral cleft lip using modified millard / _cBy Mahabubur Rahman Khan ; _6Supervisor : Tanzima Yeasmin. |
| 260 |
_aRajshahi : _bInstitute of Biological Sciences, University of Rajshahi, _c2020 |
||
| 300 |
_axii, 98 leaves _bill, ; _c29.cm. |
||
| 502 | _aThesis (Ph. D.) -- Institute of Biological Sciences, University of Rajshahi, 2020 | ||
| 504 | _aReferences : Leaves 83 -98 | ||
| 650 |
_2Including lips _aSurgery |
||
| 700 |
_aYeasmin, Tanzima, Supervisor _97096 |
||
| 942 |
_2ddc _cTHE |
||
| 999 |
_c81939 _d81939 |
||